00256nam a22001097a 4500040000700000082000800007100001600015245006700031260002600098942000700124999001500131 cSK a512 aLENG BUNHOR aMatrices determinats linear programming statistical techniques aPhnom PenhbLENc2006 cKB c8545d8545